[Event "Ch Pan-American"]
[Site "masterchessopen.com - ?"]
[Round "0"]
[White "Garcia Guillermo (CUB)"]
[Black "Gutierrez Yanez Carlos (MEX)"]
[Result "1-0"]
[WhiteElo "2226"]
[BlackElo "2027"]

1.d4 Nf6 2.c4 c5 3.d5 e6 4.Nc3 exd5 5.cxd5 d6 6.e4 g6 7.Be2 Bg7 8.Nf3 O-O
9.O-O Re8 10.Nd2 Na6 11.f3 Nc7 12.a4 b6 13.Nc4 Ba6 14.Bg5 Qd7 15.Re1 h6 16.Bh4
Rab8 17.Qd2 Bxc4 18.Bxc4 g5 19.Bf2 a6 20.Bf1 Nh5 21.Nd1 b5 22.axb5 axb5 23.Ne3
Kh7 24.Nf5 Be5 25.g3 Ra8 26.Be3 Ng7 27.Bh3 Qd8 28.Rxa8 Nxa8 29.f4 Bf6 30.e5
dxe5 31.fxg5 Bxg5 32.Qc2 e4 33.Qxc5 Re5 34.Bxg5 hxg5 35.Ne3 Nc7 36.Rf1 Kg8
37.Qb6 Nge8 38.Ng4 Rxd5 39.Nh6+ Kh7 40.Nxf7 Rd6 41.Nxd6 Nxd6 42.Rd1 {#r} 1-0

[Event "It (open)"]
[Site "masterchessopen.com - Acasusso (Argentina)"]
[Round "4"]
[White "Steinbaum Fernando (ARG)"]
[Black "Montes De Oca Juan (ARG)"]
[Result "0-1"]
[WhiteElo "2285"]
[BlackElo "2128"]

1.d4 Nf6 2.c4 c5 3.d5 e6 4.Nc3 exd5 5.cxd5 d6 6.e4 g6 7.Nf3 Bg7 8.Be2 O-O
9.O-O Re8 10.Nd2 Na6 11.f3 Nc7 12.a4 b6 13.Nc4 Ba6 14.Kh1 Bxc4 15.Bxc4 Nh5
16.g4 Nf6 17.Bf4 a6 18.Qd2 Qd7 19.Ne2 b5 20.Bb3 h5 21.h3 Kh7 22.Bc2 hxg4
23.hxg4 Rh8 24.Kg2 Kg8 25.Rh1 bxa4 26.Rxh8+ Bxh8 27.Bxa4 Qe7 28.Ng3 Rb8 29.Rb1
Nd7 {#R} 0-1

[Event "It (open)"]
[Site "masterchessopen.com - Albena (Bulgaria)"]
[Round "0"]
[White "Vilela Jose Luis (CUB)"]
[Black "Ionescu Constantin (ROM)"]
[Result "1-0"]
[WhiteElo "2359"]
[BlackElo "2436"]

1.d4 Nf6 2.c4 e6 3.Nc3 c5 4.d5 d6 5.e4 g6 6.Nf3 exd5 7.cxd5 Bg7 8.Be2 O-O
9.O-O Re8 10.Nd2 Na6 11.f3 Nc7 12.a4 b6 13.Nc4 Ba6 14.Bg5 Qd7 15.Re1 Rab8
16.Qd2 Bxc4 17.Bxc4 a6 18.Bf1 h5 19.Kh1 Rb7 20.e5 Rxe5 21.Rxe5 dxe5 22.Bxf6
Bxf6 23.d6 Ne6 24.Bxa6 Ra7 25.Bb5 Qd8 26.Bc4 Qd7 27.Rd1 Nd4 28.b3 Kg7 29.Nb5
Ra8 30.Qd3 Rd8 31.Qe4 Rb8 32.Qd5 Qb7 33.Nxd4 exd4 34.Qxb7 Rxb7 35.Bb5 Be5
36.d7 Rb8 37.Re1 Bf6 38.Re8 Rd8 39.Kg1 h4 40.Kf2 Bg5 41.f4 Bf6 42.Kf3 g5 43.f5
Kh6 44.Ke4 g4 45.Kd5 d3 46.Kc6 d2 47.Be2 {#r} 1-0

[Event "Tournament"]
[Site "masterchessopen.com - Alushta (Ukraine)"]
[Round "0"]
[White "Donchenko Anatoly G (GER)"]
[Black "Machulsky Anatoly D (RUS)"]
[Result "0-1"]
[WhiteElo "2385"]
[BlackElo "2505"]

1.d4 Nf6 2.c4 c5 3.d5 e6 4.Nc3 exd5 5.cxd5 d6 6.e4 g6 7.Nf3 Bg7 8.Be2 O-O
9.O-O Re8 10.Nd2 Na6 11.f3 Nc7 12.a4 b6 13.Kh1 Rb8 14.Nb5 a6 15.Na7 Bb7 16.Nc6
Bxc6 17.dxc6 d5 18.exd5 Qxd5 19.Ne4 Qxc6 20.Bf4 Nfd5 21.Bxc7 Nxc7 22.Qb3 b5
23.axb5 axb5 24.Rfd1 c4 25.Qc2 Nd5 26.Qd2 Rbd8 27.Bf1 f5 28.Nc3 Nxc3 29.Qxd8
Nxd1 30.Qxd1 Bxb2 31.Rb1 Bc3 32.Qc2 b4 33.Rd1 Rc8 34.Rc1 Qe6 35.g3 Qe3 36.Kg2
Kh8 37.Qd1 b3 38.Qd7 Ra8 39.Rd1 Ra2+ {#R} 0-1

[Event "It (open)"]
[Site "masterchessopen.com - Amantea (Italy)"]
[Date "2011.09.11"]
[Round "9"]
[White "Scerbo Antonio (ITA)"]
[Black "Valguarnera Girolamo (ITA)"]
[Result "0-1"]
[WhiteElo "2080"]
[BlackElo "2148"]

1.d4 Nf6 2.Nf3 c5 3.d5 e6 4.c4 exd5 5.cxd5 d6 6.Nc3 g6 7.e4 Bg7 8.Be2 O-O
9.O-O Re8 10.Nd2 Na6 11.f3 Nc7 12.a4 b6 13.Nc4 Ba6 14.Ne3 Bxe2 15.Qxe2 a6
16.Rb1 Qd7 17.Nc4 Nfxd5 18.Nxd5 Nxd5 19.Qd1 Bd4+ 20.Kh1 b5 21.exd5 bxc4 22.Qc2
Qf5 23.Qxf5 gxf5 24.Bf4 Be5 25.Bd2 Reb8 26.Rfc1 Rxb2 27.Rxb2 Bxb2 28.Rxc4 Re8
29.f4 Re4 30.Rc2 Rxa4 31.Kg1 Bf6 32.Be3 Bd4 33.Kf2 Bxe3+ 34.Kxe3 Re4+ 35.Kf3
Rd4 36.Ra2 Rd3+ 37.Ke2 Rxd5 38.Rxa6 Kg7 39.Rc6 Rd4 40.Ke3 Kf6 41.g3 h6 42.h3
Ke6 43.Rc7 Ra4 44.h4 Ra3+ 45.Kf2 Ra8 46.Ke2 Rg8 47.Kf3 h5 48.Kf2 Rf8 49.Ke3
Kd5 50.Rd7 Kc6 51.Re7 Rg8 52.Rxf7 Rxg3+ 53.Kf2 Rg4 54.Rxf5 Rxh4 55.Kg3 Rh1
56.Kg2 Rd1 57.Rxh5 c4 58.Rh8 Kd7 59.f5 Ke7 60.Rc8 Rd4 61.Kf3 d5 62.Rc6 Rd1
63.Kf4 Kd7 64.Rc5 Kd6 65.Rc8 Rf1+ 66.Kg5 Ke5 67.Re8+ Kd4 68.f6 c3 69.Rc8 Kd3
70.Kg6 c2 71.f7 Kd2 72.Kg7 c1=Q {#R} 0-1

[Event "It (cat.10)"]
[Site "masterchessopen.com - Amsterdam (Netherlands)"]
[Round "14"]
[White "Donner Jan-Hein (NED)"]
[Black "Enklaar Bertus F (NED)"]
[Result "1-0"]
[WhiteElo "2470"]
[BlackElo "2410"]

1.d4 Nf6 2.c4 e6 3.Nc3 c5 4.d5 exd5 5.cxd5 d6 6.Nf3 g6 7.e4 Bg7 8.Be2 O-O
9.O-O Re8 10.Nd2 Na6 11.f3 Nc7 12.a4 b6 13.Nc4 Ba6 14.Ne3 Bxe2 15.Qxe2 a6
16.Rb1 Nh5 17.g3 Qd7 18.Nc4 Rab8 19.g4 Bd4+ 20.Kh1 Ng7 21.Qd3 Rf8 22.Bf4 Nge8
23.e5 dxe5 24.Nxe5 Bxe5 25.Bxe5 f6 26.Bg3 Nd6 27.Rbe1 Rbe8 28.Ne4 Nxe4 29.fxe4
Ne6 30.a5 b5 31.Kg2 c4 32.Qe3 Ng5 33.Rf4 f5 34.gxf5 gxf5 35.Rg4 fxg4 36.Qxg5+
Qg7 37.Qxg7+ Kxg7 38.e5 Rf5 39.d6 Rh5 40.d7 Rd8 41.e6 {#r} 1-0

[Event "Ch Asturias (team) 2003/04 (Preferente)"]
[Site "masterchessopen.com - Asturias (Spain)"]
[Date "2003.11.22"]
[Round "3"]
[White "Melero Morales Javier Antonio (ESP)"]
[Black "Gonzalez Menendez Ivan (ESP)"]
[Result "0-1"]
[WhiteElo "2107"]
[BlackElo "2305"]

1.d4 Nf6 2.c4 c5 3.d5 e6 4.Nc3 exd5 5.cxd5 d6 6.e4 g6 7.Nf3 Bg7 8.Be2 O-O
9.O-O Re8 10.Nd2 Na6 11.f3 Nc7 12.a4 b6 13.Nc4 Ba6 14.Bg5 Qe7 15.Qd2 Qf8
16.Rfe1 Nd7 17.Ne3 Bxe2 18.Rxe2 a6 19.Rae1 b5 20.Kh1 c4 21.Ng4 h5 22.Nf2 Nc5
23.Be3 Nb3 24.Qd1 Bxc3 25.bxc3 bxa4 26.f4 Nb5 27.Bd4 N3xd4 28.cxd4 Nc3 29.Qc2
Nxe2 30.Rxe2 a3 31.Re3 Reb8 32.Rxa3 Rb4 33.Ra1 Qb8 34.Qc1 Qb6 35.f5 Qxd4
36.fxg6 fxg6 37.Nh3 Rab8 38.Ng1 Qxe4 39.Qg5 Qf5 40.Qe3 Qe5 41.Qc1 c3 42.Qh6
Qf5 43.Rf1 Qxf1 44.Qxg6+ Kf8 45.Qh6+ Kf7 46.Qe6+ Kg7 47.Qxd6 c2 48.Qe7+ Qf7
49.Qg5+ Kh7 50.Qe3 Rc8 51.Qd3+ Qg6 {#R} 0-1

[Event "Staatsliga"]
[Site "masterchessopen.com - Austria"]
[Round "0"]
[White "Zoebisch Herbert (AUT)"]
[Black "Denk Adolf (AUT)"]
[Result "0-1"]
[WhiteElo "2149"]
[BlackElo "2265"]

1.d4 Nf6 2.c4 e6 3.Nc3 c5 4.d5 exd5 5.cxd5 g6 6.Nf3 Bg7 7.e4 d6 8.Be2 O-O
9.O-O Na6 10.Nd2 Re8 11.f3 Nc7 12.a4 Nd7 13.Nc4 Ne5 14.Ne3 Rb8 15.Qc2 b6
16.Rb1 Na6 17.Kh1 Nb4 18.Qd2 a6 19.b3 Qh4 20.Bb2 f5 21.g3 Qe7 22.f4 Nd7 23.Bf3
Nf6 24.e5 dxe5 25.d6 Qf7 26.fxe5 Rxe5 27.Nc4 Re6 28.Rbe1 Bb7 29.Rxe6 Qxe6
30.Bxb7 Rxb7 31.Re1 Ne4 32.Nxe4 fxe4 33.Bxg7 Kxg7 34.Qf4 Nd3 35.Qe3 Nxe1
36.Qxe1 b5 37.Qc3+ Kg8 38.axb5 axb5 39.Qa5 Rf7 40.Qxb5 e3 {#R} 0-1

[Event "Bundesliga B East 2010/11"]
[Site "masterchessopen.com - Austria"]
[Date "2011.01.30"]
[Round "9"]
[White "Zilka Stepan (CZE)"]
[Black "Fauland Alexander (AUT)"]
[Result "0-1"]
[WhiteElo "2517"]
[BlackElo "2452"]

1.d4 Nf6 2.c4 e6 3.Nc3 c5 4.d5 exd5 5.cxd5 d6 6.Nf3 g6 7.e4 Bg7 8.Be2 O-O
9.O-O Re8 10.Nd2 Na6 11.f3 Nc7 12.a4 b6 13.Nc4 Ba6 14.Bg5 Qd7 15.Qd2 Bxc4
16.Bxc4 a6 17.Qd3 Nh5 18.Kh1 h6 19.Bd2 g5 20.Rfb1 Nf4 21.Qf1 Be5 22.g3 Ng6
23.Bd3 Bd4 24.Ra2 Ne5 25.Ne2 f5 26.Nxd4 cxd4 27.exf5 Nxd5 28.Be4 Qf7 29.Ra3
Rac8 30.Qxa6 Nf6 31.Qxb6 d5 32.Bd3 Nxf3 33.Bb4 Qh5 34.h4 Qg4 35.Bf1 Rc2 36.Bg2
Qh3+ 37.Bxh3 Rh2# 0-1

[Event "Bundesliga B Mitte 2010/11"]
[Site "masterchessopen.com - Austria"]
[Date "2011.03.13"]
[Round "8"]
[White "Krebs Johann (AUT)"]
[Black "Leitner Gerald (AUT)"]
[Result "1-0"]
[WhiteElo "2284"]
[BlackElo "2234"]

1.d4 Nf6 2.c4 e6 3.Nc3 c5 4.d5 exd5 5.cxd5 d6 6.Nf3 g6 7.Nd2 Bg7 8.e4 O-O
9.Be2 Na6 10.O-O Re8 11.f3 Nc7 12.a4 b6 13.Nc4 Ba6 14.Bg5 Qd7 15.Re1 Rab8
16.Qd2 Bxc4 17.Bxc4 a6 18.Bf1 Rb7 19.e5 Rxe5 20.Rxe5 dxe5 21.d6 Nce8 22.Bxa6
Ra7 23.Bxf6 Bxf6 24.Bb5 Qxd6 25.Qd5 Qb8 26.Ne4 Bg7 27.Rd1 h6 28.Qd8 Ra8 29.Qe7
f5 30.Bc4+ Kh8 31.Qf7 Nc7 32.Rd7 Qf8 33.Nd6 Ne8 34.Qxf8+ Bxf8 35.Nf7+ Kg7
36.Ng5+ Be7 37.Bd5 Rxa4 38.Rxe7+ Kf6 39.Rxe8 Kxg5 40.Rxe5 Rd4 41.Bg8 Rd8
42.Bc4 Kf4 43.Re2 g5 44.Kf2 {#r} 1-0

[Event "It (b)"]
[Site "masterchessopen.com - Bad Meinberg (Germany)"]
[Round "0"]
[White "Ree Hans (NED)"]
[Black "Nicolai Werner"]
[Result "0-1"]
[WhiteElo "2470"]
[BlackElo "2200"]

1.d4 Nf6 2.c4 c5 3.d5 e6 4.Nc3 exd5 5.cxd5 d6 6.e4 g6 7.Be2 Bg7 8.Nf3 O-O
9.O-O Re8 10.Nd2 Na6 11.f3 Nc7 12.a4 Nd7 13.a5 Rb8 14.Nb5 Nxb5 15.Bxb5 a6
16.Ba4 Rf8 17.Nc4 Ne5 18.Nb6 f5 19.Nxc8 Rxc8 20.exf5 gxf5 21.Bc2 Ng6 22.Qe1
Rc7 23.Qg3 f4 24.Qh3 Bd4+ 25.Kh1 Rg7 26.g3 Be5 27.Be4 Qf6 28.Rg1 Kh8 29.Rg2
Rfg8 30.Ra4 Nh4 31.Rg1 fxg3 32.hxg3 Rxg3 33.Rxg3 Rxg3 34.Qc8+ Rg8 35.Qh3 Bd4
36.Qe6 Qg7 37.Qg4 Qxg4 38.fxg4 Rxg4 39.b4 Rxe4 40.Bh6 Rg4 41.bxc5 Nf3 42.Be3
dxc5 43.d6 Rg7 44.Bxd4 cxd4 45.Ra1 d3 {#R} 0-1

[Event "It"]
[Site "masterchessopen.com - Bad Pyrmont (Germany)"]
[Round "5"]
[White "O'kelly De Galway Alberic (BEL)"]
[Black "Damjanovic Mato (CRO)"]
[Result "1-0"]
[WhiteElo "2460"]
[BlackElo "2303"]

1.d4 Nf6 2.c4 c5 3.d5 d6 4.Nc3 g6 5.e4 Bg7 6.Nf3 O-O 7.Be2 e6 8.O-O exd5
9.cxd5 Re8 10.Nd2 Na6 11.f3 Nc7 12.Kh1 Nd7 13.Nc4 Ne5 14.Ne3 f5 15.f4 Nf7
16.exf5 Bxf5 17.Nxf5 gxf5 18.Bd3 Nh6 19.Qc2 Qd7 20.g4 c4 21.Bxc4 Nxg4 22.Bd3
Bxc3 23.bxc3 Qf7 24.c4 Nxd5 25.cxd5 Qxd5+ 26.Kg1 Qd4+ 27.Kg2 Kf8 28.Qb3 Qg7
29.Kh1 Re1 30.Qb2 Qxb2 31.Bxb2 Nf2+ 32.Kg2 Nxd3 33.Rfxe1 Nxb2 34.Reb1 Nd3
35.Rxb7 Nxf4+ 36.Kf3 Ne6 37.Rd1 Rd8 38.Rd5 Ng7 39.Rxa7 h6 40.a4 Kg8 41.a5 {#r}
1-0

[Event "Verbandsliga Baden South 2006/07"]
[Site "masterchessopen.com - Baden (Germany)"]
[Date "2007.02.11"]
[Round "6"]
[White "Nabavi Parwis (SUI)"]
[Black "Schmider Bernd (GER)"]
[Result "0-1"]
[WhiteElo "2133"]
[BlackElo "2158"]

1.d4 Nf6 2.c4 c5 3.d5 e6 4.Nc3 exd5 5.cxd5 d6 6.e4 g6 7.Nf3 Bg7 8.Be2 O-O
9.O-O Re8 10.Nd2 Na6 11.f3 Nc7 12.a4 Rb8 13.Nc4 a6 14.Nb6 Na8 15.Nxc8 Rxc8
16.Qb3 Rc7 17.Bg5 h6 18.Bh4 Qc8 19.Rad1 b6 20.Rfe1 Nh5 21.Bf2 Ra7 22.g3 Nf6
23.Bf1 Rae7 24.Kh1 Qb7 25.Qa3 Qc8 26.Rc1 Rc7 27.Kg1 Kh8 28.Kg2 Kg8 29.h3 Kh8
30.Kh2 Kg8 31.Bg2 Nd7 32.Rcd1 Qb8 33.Qb3 Rb7 34.f4 b5 35.axb5 axb5 36.Ra1 b4
37.Nb1 Ra7 38.Nd2 Nab6 39.Bf1 Qc7 40.Rad1 Rea8 41.Nc4 Nxc4 42.Bxc4 Nb6 43.Re2
Nxc4 44.Qxc4 Qa5 45.e5 Bf8 46.Rc1 Rc7 47.Rec2 Rac8 48.Qd3 Qa4 49.b3 Qd7 50.Re1
Qf5 51.Qc4 h5 52.Rce2 Ra8 53.Qb5 Ra3 54.Qc4 Ra5 55.Bd4 h4 56.exd6 hxg3+
57.Kxg3 Rc8 58.Be5 f6 59.d7 Rd8 60.Bc7 Rxd7 61.Bxa5 Bd6 62.Qe4 Qg5+ 63.Kf3
Qh5+ 64.Kg2 Re7 65.Qf3 Rxe2+ 66.Rxe2 Qf5 67.Re4 Kf7 68.h4 {#R} 0-1

[Event "It (open)"]
[Site "masterchessopen.com - Balatonbereny (Hungary)"]
[Round "5"]
[White "Sinkovics Peter (HUN)"]
[Black "Pacsay Laszlo (HUN)"]
[Result "1-0"]
[WhiteElo "2420"]
[BlackElo "2204"]

1.d4 Nf6 2.c4 e6 3.Nf3 c5 4.d5 exd5 5.cxd5 d6 6.Nc3 g6 7.Nd2 Bg7 8.e4 O-O
9.Be2 Re8 10.O-O Na6 11.f3 Nc7 12.a4 Nd7 13.Nc4 Ne5 14.Ne3 f5 15.exf5 gxf5
16.Qc2 Qf6 17.g3 Qf7 18.Ng2 Bd7 19.Be3 Kh8 20.Rad1 b6 21.h3 a6 22.Kh2 b5 23.f4
Ng6 24.Bf3 Rab8 25.axb5 axb5 26.b4 cxb4 27.Na2 Na6 28.Qb1 Rbc8 29.Nxb4 Nxb4
30.Qxb4 Rc2 31.Rd2 Rc3 32.Bd4 Bxd4 33.Rxd4 Rc5 34.Rf2 Qg7 35.Ra2 Ne7 36.Rd3
Nc8 37.Nh4 Rc4 38.Qd2 Rc5 39.Rc2 Nb6 40.Bg2 Nc4 41.Qf2 {#r} 1-0

[Event "It (open)"]
[Site "masterchessopen.com - Balatonbereny (Hungary)"]
[Round "4"]
[White "Johansen Darryl K (AUS)"]
[Black "Barczay Laszlo (HUN)"]
[Result "0-1"]
[WhiteElo "2408"]
[BlackElo "2381"]

1.d4 Nf6 2.c4 e6 3.Nf3 c5 4.d5 exd5 5.cxd5 d6 6.Nc3 g6 7.e4 Bg7 8.Nd2 O-O
9.Be2 Re8 10.O-O Na6 11.f3 Nc7 12.a4 b6 13.Nc4 Ba6 14.g4 Bxc4 15.Bxc4 a6
16.Bf4 Qe7 17.Bg3 Nd7 18.Qd2 Ne5 19.Be2 Qd7 20.h3 f5 21.f4 Nf7 22.exf5 gxf5
23.Kg2 b5 24.Bf3 b4 25.Ne2 Nh6 26.g5 Ng4 27.Bxg4 fxg4 28.f5 Qf7 29.f6 Bf8
30.Nf4 Re5 31.Rfe1 Rae8 32.h4 Nxd5 33.Nxd5 Rxd5 34.Qf2 Rd3 35.Rxe8 Qxe8 36.Re1
Qc6+ 37.Kh2 Rf3 38.Qe2 d5 39.h5 d4 40.Rd1 Qd5 41.Qe8 Rb3 42.Rd2 Qf7 43.Qe5 Re3
44.Qf4 Qxh5+ 45.Kg1 Qg6 46.Qxg4 Qe4 47.f7+ Kxf7 48.Rf2+ Kg8 49.Rf4 Qe6 50.Qh4
Bd6 51.g6 Qxg6 {#R} 0-1

[Event "Ch Belgium (team) 2001/02"]
[Site "masterchessopen.com - Belgium"]
[Round "1"]
[White "Pieniazek Artur (POL)"]
[Black "De Haan Eric (NED)"]
[Result "1-0"]
[WhiteElo "2408"]
[BlackElo "2242"]

1.d4 Nf6 2.c4 c5 3.d5 e6 4.Nc3 exd5 5.cxd5 d6 6.e4 g6 7.Nf3 Bg7 8.Be2 O-O
9.O-O Re8 10.Nd2 Na6 11.f3 Nc7 12.a4 b6 13.Nc4 Ba6 14.Bg5 Rb8 15.Rb1 Qd7
16.Qd2 Bxc4 17.Bxc4 a6 18.b4 b5 19.axb5 axb5 20.Be2 c4 21.Be3 Ra8 22.Bd4 Ra6
23.Ra1 Rea8 24.Rxa6 Rxa6 25.Qb2 Nce8 26.Ra1 Ng4 27.Nxb5 Qxb5 28.Rxa6 Qxa6
29.Bxg7 Nxg7 30.fxg4 Ne8 31.Qd4 Qa3 32.Qxc4 Nf6 33.Bf3 Kg7 34.Qd4 Qc1+ 35.Kf2
Qc2+ 36.Kg3 Qc1 37.h3 g5 38.b5 Kg6 39.b6 Nd7 40.e5 dxe5 41.Qe4+ Kg7 42.b7 Qc7
43.d6 Qxd6 44.Qc6 Qd4 45.Qxd7 Qxd7 46.b8=Q Qd4 47.Qb1 Qf4+ 48.Kf2 Qd4+ 49.Ke2
h6 50.Qc2 Qa1 51.Qd3 Qb2+ 52.Kf1 Qc1+ 53.Kf2 Qb2+ 54.Qe2 Qd4+ 55.Qe3 Qb2+
56.Be2 {#r} 1-0

[Event "Ch Berlin"]
[Site "masterchessopen.com - Berlin (Germany)"]
[Round "0"]
[White "Lieb Harald (GER)"]
[Black "Schacht Holger (GER)"]
[Result "1-0"]
[WhiteElo "2191"]
[BlackElo "2224"]

1.d4 Nf6 2.Nf3 c5 3.d5 e6 4.c4 exd5 5.cxd5 d6 6.Nc3 g6 7.e4 Bg7 8.Be2 O-O
9.O-O Re8 10.Nd2 Na6 11.f3 Nc7 12.a4 b6 13.Re1 Nh5 14.g3 Bd4+ 15.Kg2 Qd7 16.g4
Nf4+ 17.Kh1 Nh3 18.Qc2 Qd8 19.Nc4 Nf2+ 20.Kg2 Qh4 21.Be3 Ba6 22.Bf1 Bxe3
23.Nxe3 Nh3 24.Bxa6 Nxa6 25.Rf1 Nb4 26.Qd2 h5 27.Kh1 hxg4 28.Nxg4 a6 29.Ne2
Kg7 30.Ng1 f6 31.Nxh3 Qxh3 32.Qf4 f5 33.exf5 Re2 34.f6+ Kh7 35.Nf2 Qh5 36.Qxd6
Qxf3+ 37.Kg1 Nxd5 38.Qd7+ Kh6 39.Ng4+ {#r} 1-0

[Event "It (open)"]
[Site "masterchessopen.com - Bochum (Germany)"]
[Round "1"]
[White "Galonska Joern (GER)"]
[Black "Konietzka Lutz (GER)"]
[Result "1-0"]
[WhiteElo "2291"]
[BlackElo "2090"]

1.d4 Nf6 2.c4 c5 3.d5 d6 4.Nc3 g6 5.Nf3 Bg7 6.e4 O-O 7.Be2 e6 8.O-O exd5
9.cxd5 Re8 10.Nd2 Na6 11.f3 Nc7 12.a4 b6 13.Kh1 Rb8 14.Nc4 Ba6 15.Bf4 Nh5
16.Bd2 Bxc4 17.Bxc4 a6 18.Qe2 b5 19.axb5 axb5 20.Nxb5 Bxb2 21.Ra2 Bd4 22.g4
Nxb5 23.Bxb5 Nf6 24.Bxe8 Qxe8 25.Bf4 Rb6 26.Qd3 Kg7 27.Re2 Nd7 28.Rb1 Rxb1+
29.Qxb1 Ne5 30.Kg2 Qd7 31.h3 Qa4 32.Be3 Qa3 33.Qg1 Bxe3 34.Qxe3 Qa1 {#r} 1-0

[Event "It"]
[Site "masterchessopen.com - Bogota (Colombia)"]
[Round "0"]
[White "Panno Oscar (ARG)"]
[Black "Gutierrez Jose A (COL)"]
[Result "0-1"]
[WhiteElo "2580"]
[BlackElo "2350"]

1.d4 Nf6 2.c4 c5 3.d5 e6 4.Nc3 exd5 5.cxd5 d6 6.Nf3 g6 7.e4 Bg7 8.Nd2 O-O
9.Be2 Re8 10.O-O Na6 11.f3 Nc7 12.a4 b6 13.Nc4 Ba6 14.Bg5 Qd7 15.Kh1 h6 16.Be3
Rab8 17.Qd2 Kh7 18.b3 Bxc4 19.bxc4 Na6 20.Bd3 Nb4 21.Bb1 Qe7 22.Re1 Nh5 23.Ra3
a6 24.g3 Qd7 25.Kg2 Re7 26.h3 Rbe8 27.f4 Nf6 28.Bf2 h5 29.Qd1 Kg8 30.Qf3 Bh8
31.Re2 Bg7 32.Be1 Nh7 33.Bf2 Bd4 34.Rd2 Bg7 35.Rd1 Nf6 36.a5 b5 37.cxb5 axb5
38.e5 dxe5 39.Bxc5 e4 40.Qe2 Nbxd5 41.Bxe7 Qxe7 42.Nxb5 h4 43.Ba2 Qc5 44.a6
hxg3 45.Bxd5 Nxd5 46.Rxd5 Qxd5 47.a7 e3+ 48.Kg1 Bf8 49.Nc7 Qd2 50.Ra2 Qc1+
51.Kg2 Qxc7 52.a8=Q Rxa8 53.Rxa8 Qxf4 54.Re8 Qf2+ 55.Qxf2 exf2 56.Rd8 f5
57.Rd3 f4 58.Rc3 Kf7 59.Rc1 Bb4 60.Rh1 g5 61.Rb1 Be1 62.Rb3 Kg6 63.Ra3 Bd2
64.Rd3 Be3 65.Rd1 Kf5 66.Rd5+ Ke4 {#R} 0-1

[Event "Ch Romania"]
[Site "masterchessopen.com - Bucharest (Romania)"]
[Date "1968.11.26"]
[Round "4"]
[White "Voiculescu Paul (ROM)"]
[Black "Troianescu Octav (ROM)"]
[Result "1-0"]
[WhiteElo "2282"]
[BlackElo "2330"]

1.d4 Nf6 2.c4 c5 3.d5 d6 4.Nc3 g6 5.e4 Bg7 6.Nf3 O-O 7.Be2 e6 8.O-O exd5
9.cxd5 Re8 10.Nd2 Na6 11.f3 Nc7 12.a4 Nd7 13.Nc4 Ne5 14.Ne3 f6 15.Bd2 b6
16.Rb1 Rb8 17.Kh1 Nf7 18.Re1 Bd7 19.b4 f5 20.Qc2 Bd4 21.Bd3 f4 22.Ned1 Qf6
23.Ne2 Be5 24.Nf2 h5 25.bxc5 dxc5 26.Bc4 g5 27.Nd3 Bd6 28.Nc3 Ne5 29.Nxe5 Bxe5
30.d6+ Ne6 31.Nd5 Qg7 32.Bc3 Kh8 33.Bb5 Bxb5 34.axb5 Red8 35.Bxe5 Qxe5 36.Ne7
Nd4 37.Ng6+ Kg7 38.Nxe5 Nxc2 39.Nc6 Nxe1 40.Rxe1 Kf6 41.e5+ Ke6 42.h4 Ra8
43.Nxd8+ Rxd8 44.hxg5 Rf8 45.g6 h4 46.Rd1 Kd7 47.Kh2 {#r} 1-0

[Event "Ch Romania"]
[Site "masterchessopen.com - Bucharest (Romania)"]
[Date "1968.12.13"]
[Round "19"]
[White "Segal Alexandru Sorin (BRA)"]
[Black "Ungureanu Emil (ROM)"]
[Result "0-1"]
[WhiteElo "2145"]
[BlackElo "2188"]

1.d4 Nf6 2.c4 c5 3.d5 e6 4.Nc3 exd5 5.cxd5 d6 6.e4 g6 7.Nf3 Bg7 8.Be2 O-O
9.O-O Re8 10.Nd2 Na6 11.f3 Nc7 12.a4 Nd7 13.Nc4 Ne5 14.Qc2 b6 15.Be3 Nxc4
16.Bxc4 a6 17.Rab1 f5 18.Bf2 fxe4 19.Nxe4 b5 20.axb5 axb5 21.Be2 Bb7 22.Rfd1
Ra6 23.Bg3 Be5 24.Qd2 Bxg3 25.hxg3 Re5 26.Nc3 b4 27.Ne4 Ra5 28.Bc4 Kg7 29.Kf2
Bxd5 30.Rh1 h5 31.Bxd5 Rxd5 32.Qc2 Qe7 33.Rbe1 Re5 34.f4 Qf8 35.Kg1 Re8 36.Kh2
Ne6 37.Qc4 h4 38.Rhf1 hxg3+ 39.Kxg3 Nd4 40.Ng5 Nf5+ 41.Kh2 Rxe1 42.Rxe1 Nd4
43.Ne6+ Nxe6 44.Qxe6 Qxf4+ 45.g3 Qf2+ 46.Kh3 Qf5+ {#R} 0-1

[Event "It (open)"]
[Site "masterchessopen.com - Budapest (Hungary)"]
[Round "0"]
[White "Lukacs Peter (HUN)"]
[Black "Horvath Jozsef M (HUN)"]
[Result "1-0"]
[WhiteElo "2520"]
[BlackElo "2104"]

1.d4 Nf6 2.c4 e6 3.Nf3 c5 4.d5 exd5 5.cxd5 d6 6.Nc3 g6 7.Nd2 Bg7 8.e4 O-O
9.Be2 Re8 10.O-O Na6 11.f3 Nc7 12.a4 b6 13.Nc4 Ba6 14.Bg5 h6 15.Be3 Bxc4
16.Bxc4 a6 17.Qd2 Kh7 18.Rab1 Rb8 19.Be2 b5 20.b4 c4 21.a5 Re7 22.Bd1 Qh8
23.Ne2 Rf8 24.Bf4 Nce8 25.Bc2 Nd7 26.Kh1 Ne5 27.Qd1 Rc7 28.Bd2 c3 29.Bxc3 Rxc3
30.Nxc3 Nc4 31.Ne2 Ne3 32.Qd3 Nxf1 33.Rxf1 Nf6 34.f4 Re8 35.Ng3 h5 36.Qf3 h4
37.Ne2 Kg8 38.Bd3 Qh5 39.Rc1 h3 40.Rc6 Qxf3 41.gxf3 Nxd5 42.Rxa6 Nxb4 43.Bxb5
Rc8 44.Rxd6 Rc2 45.a6 Ra2 46.Rxg6 Kf8 47.Rg3 Ra1+ 48.Rg1 Ra5 49.Rd1 Bf6 50.Bc4
Nc2 51.Bd3 Nb4 52.Ng1 Nxd3 53.Rxd3 Ra1 54.a7 Bh4 55.a8=Q+ Rxa8 56.Rd1 Ra3
57.Rf1 f5 58.e5 Ra2 59.Nxh3 Kf7 60.Ng5+ Ke7 61.Rb1 Rf2 62.Rb7+ Ke8 63.Rh7 Bxg5
64.fxg5 Rxf3 65.g6 Kf8 66.e6 {#r} 1-0

[Event "It (cat.3)"]
[Site "masterchessopen.com - Budapest (Hungary)"]
[Round "4"]
[White "Petran Pal (HUN)"]
[Black "Brustkern Juergen (GER)"]
[Result "1-0"]
[WhiteElo "2395"]
[BlackElo "2255"]

1.d4 Nf6 2.c4 e6 3.Nf3 c5 4.d5 d6 5.Nc3 exd5 6.cxd5 g6 7.e4 Bg7 8.Be2 O-O
9.O-O Re8 10.Nd2 Na6 11.f3 Nc7 12.a4 b6 13.Kh1 Rb8 14.Nc4 Ba6 15.Bg5 h6 16.Be3
Qe7 17.Re1 Nd7 18.Qd2 Bxc4 19.Bxc4 Ne5 20.Be2 g5 21.f4 gxf4 22.Bxf4 Kh7 23.Rf1
Rf8 24.Bg3 a6 25.Rf5 b5 26.Rh5 b4 27.Nd1 f5 28.exf5 Rbe8 29.Bh4 Rf6 30.Nf2 Nf7
31.Bf3 Ne5 32.Ne4 Ref8 33.Re1 {#r} 1-0

[Event "It (a)"]
[Site "masterchessopen.com - Budapest (Hungary)"]
[Round "7"]
[White "Desmarais Chris (USA)"]
[Black "Yu Mingyuan (CHN)"]
[Result "0-1"]
[WhiteElo "2151"]
[BlackElo "2295"]

1.d4 g6 2.c4 Bg7 3.e4 c5 4.d5 d6 5.Nf3 e6 6.Be2 exd5 7.cxd5 Nf6 8.Nc3 O-O
9.Nd2 Re8 10.O-O Na6 11.f3 Nc7 12.a4 a6 13.Nc4 Rb8 14.Bf4 Bf8 15.a5 Nh5 16.Be3
Bd7 17.Qd2 Nb5 18.Nb6 Bg7 19.Nxb5 Bxb5 20.Bxb5 axb5 21.Rac1 Qe7 22.g4 Nf6
23.Bg5 Qc7 24.Qe2 b4 25.Qd2 Nd7 26.Qxb4 Qxb6 27.Qxb6 Nxb6 28.axb6 Bxb2 29.Rc2
Be5 30.Kg2 Ra8 31.Rb1 Ra4 32.Bh4 Rb4 33.Rxb4 cxb4 34.Rc4 b3 35.Bg3 b2 36.Rb4
Bc3 37.Rb3 Ra8 38.Bxd6 Ra1 39.Rxc3 b1=Q 40.Rc8+ Kg7 41.Be5+ Kh6 42.Bxa1 Qxa1
43.Rc7 Qb2+ 44.Kg3 Qxb6 45.Rxf7 Qd6+ 46.Kg2 b5 47.h4 g5 48.hxg5+ Kxg5 49.Rxh7
b4 50.Rb7 Kf4 51.Rb5 Qa6 52.Rxb4 Qe2+ 53.Kh3 Qxf3+ 54.Kh2 Qg3+ 55.Kh1 Qe1+
{#R} 0-1

[Event "It (cat.1)"]
[Site "masterchessopen.com - Budapest (Hungary)"]
[Date "2004.02.08"]
[Round "1"]
[White "Dub Zeev (ISR)"]
[Black "Juhasz Bela (HUN)"]
[Result "0-1"]
[WhiteElo "2270"]
[BlackElo "2180"]

1.d4 Nf6 2.Nf3 c5 3.d5 e6 4.c4 exd5 5.cxd5 g6 6.Nc3 d6 7.e4 Bg7 8.Be2 O-O
9.O-O Re8 10.Nd2 Na6 11.f3 Nc7 12.a4 b6 13.Kh1 Rb8 14.Nc4 Ba6 15.Bg5 h6 16.Be3
Kh7 17.Qd2 Bxc4 18.Bxc4 a6 19.Qd3 Qc8 20.Rab1 Nd7 21.Bf4 Be5 22.Bd2 Bg7 23.f4
Qb7 24.Qh3 Rbd8 25.e5 b5 26.axb5 axb5 27.exd6 bxc4 28.dxc7 Qxc7 29.f5 Nb6
30.fxg6+ fxg6 31.Bg5 Rd7 32.Bf4 Qb7 33.d6 Rdd8 34.Rbd1 Nc8 35.Bg5 Rd7 36.Nd5
h5 37.Nc7 Re2 38.Bf6 Nxd6 39.Nd5 Ne8 40.Bxg7 Rxg7 41.Nf4 Re5 42.Qc3 Re4 43.Nd5
Rf7 44.Nf6+ Nxf6 45.Rxf6 Qe7 46.Rxf7+ Qxf7 47.h3 Rf4 48.Qe5 Qf5 49.Qd6 {#R}
0-1

[Event "Ch Argentina"]
[Site "masterchessopen.com - Buenos Aires (Argentina)"]
[Round "12"]
[White "Dubin Jorge (ARG)"]
[Black "Schweber Samuel (ARG)"]
[Result "0-1"]
[WhiteElo "2350"]
[BlackElo "2348"]

1.d4 Nf6 2.c4 c5 3.d5 g6 4.Nc3 Bg7 5.e4 d6 6.Be2 O-O 7.Nf3 e6 8.O-O exd5
9.cxd5 Re8 10.Nd2 Na6 11.f3 Rb8 12.Re1 Nc7 13.a4 b6 14.Nc4 Ba6 15.Bg5 Qd7
16.Na3 h6 17.Bd2 Bxe2 18.Rxe2 a6 19.Rb1 b5 20.axb5 axb5 21.b4 cxb4 22.Rxb4
Ncxd5 23.exd5 Qa7+ 24.Kh1 Qxa3 25.Nxb5 Qd3 26.Rxe8+ Nxe8 27.Qe1 Bf8 28.Na7
Rxb4 29.Bxb4 Nf6 30.Nc8 Qxd5 31.Bc3 Nd7 32.h3 Qe6 33.Qd2 Ne5 34.Nb6 Bg7 35.f4
Nf3 36.Qb2 Qe3 {#R} 0-1